[Event "SLO-ch U16"]
[Site "Postojna"]
[Date "2008.03.01"]
[Round "9"]
[White "Ros, Jan"]
[Black "Mlakar, Marko"]
[Result "1/2-1/2"]
[WhiteElo "1500"]
[BlackElo "1500"]
[PlyCount "56"]
[EventDate "2008.02.24"]
[EventType "swiss"]
[EventRounds "9"]
[EventCountry "SLO"]
[SourceTitle "EXT 2010"]
[Source "ChessBase"]
[SourceDate "2010.11.25"]
[SourceVersion "1"]
[SourceVersionDate "2010.11.25"]
[SourceQuality "1"]

1. e4 e5 2. Nf3 Nc6 3. d4 exd4 4. Nxd4 Nxd4 5. Qxd4 Qe7 6. Bd3 Qc5 7. Qxc5 Bxc5 8. Nc3 Nf6 9. 0-0 d6 10. a3 a6 11. Bg5 Ng4 12. Be2 h6 13. Bd2 0-0 14. h3 Ne5 15. Nd5 c6 16. Ne7+ Kh8 17. Nxc8 Raxc8 18. Kh1 Ng6 19. Rad1 Rcd8 20. b4 Bb6 21. Bc1 d5 22. exd5 Rxd5 23. c4 Rdd8 24. c5 Bc7 25. Rd3 Nf4 26. Rxd8 Rxd8 27. Bc4 f6 28. Be3 Nd5 1/2-1/2

[Event "SLO-ch U16"]
[Site "Postojna"]
[Date "2008.02.25"]
[Round "2"]
[White "Rozic, Samo"]
[Black "Ros, Jan"]
[Result "1-0"]
[WhiteElo "1880"]
[BlackElo "1500"]
[PlyCount "79"]
[EventDate "2008.02.24"]
[EventType "swiss"]
[EventRounds "9"]
[EventCountry "SLO"]
[SourceTitle "EXT 2010"]
[Source "ChessBase"]
[SourceDate "2010.11.25"]
[SourceVersion "1"]
[SourceVersionDate "2010.11.25"]
[SourceQuality "1"]

1. e4 e5 2. f4 d5 3. exd5 c6 4. d3 Qxd5 5. Nc3 Bb4 6. Bd2 Qe6 7. fxe5 Qxe5+ 8. Qe2 Qxe2+ 9. Bxe2 Ne7 10. 0-0-0 0-0 11. Nf3 Be6 12. a3 Ba5 13. Rhf1 h6 14. Rde1 Nd7 15. Nd4 Bd5 16. Bg4 Bxc3 17. Bxc3 Nf6 18. Rxf6 gxf6 19. Rxe7 Bxg2 20. Nf5 b6 21. Bxf6 Rae8 22. Rxa7 Re1+ 23. Kd2 Rf1 24. Ne7+ Kh7 25. Bf5+ Rxf5 26. Nxf5 Kg6 27. Nh4+ Kxf6 28. Nxg2 Rg8 29. Ne3 Rc8 30. a4 Kg6 31. Nc4 f5 32. Nxb6 Re8 33. Nc4 f4 34. Nd6 Re6 35. Ne4 Kh5 36. Ke2 Kg4 37. Kf2 Kh3 38. Rf7 Kxh2 39. Rxf4 Kh3 40. Kf3 1-0